[Event "Avoine op 33rd"]
[Site "Avoine"]
[Date "2018.07.26"]
[Round "6"]
[White "Bonnaud, Remy"]
[Black "Dupont, Victor"]
[Result "1-0"]
[WhiteElo "2234"]
[BlackElo "1999"]
[PlyCount "73"]
[EventDate "2018.07.21"]
[EventType "swiss"]
[EventRounds "9"]
[EventCountry "FRA"]
[SourceTitle "CBM 185 Extra"]
[Source "ChessBase"]
[SourceDate "2018.07.29"]
[SourceVersion "1"]
[SourceVersionDate "2018.07.29"]
[SourceQuality "1"]

1. d4 d5 2. Bg5 Nf6 3. Bxf6 exf6 4. e3 Be6 5. Nd2 c6 6. g3 Nd7 7. Bg2 b5 8. Ne2 Bd6 9. b3 0-0 10. 0-0 Rb8 11. c3 Re8 12. Qc2 Nb6 13. Nf4 Qd7 14. Nxe6 fxe6 15. c4 Bb4 16. c5 Bxd2 17. cxb6 Bb4 18. a3 Bd6 19. bxa7 Ra8 20. a4 b4 21. Rac1 Rec8 22. e4 f5 23. exf5 exf5 24. Rfe1 g6 25. Re2 Qxa7 26. Re6 Qd7 27. Re2 Kf7 28. Qd3 Re8 29. Rec2 Rec8 30. Rxc6 Kg7 31. Bxd5 Rf8 32. Rxd6 Qxd6 33. Bxa8 Rxa8 34. d5 Ra5 35. Qd4+ Kf7 36. Rc6 Qxd5 37. Qf6+ 1-0

[Event "Avoine op 33rd"]
[Site "Avoine"]
[Date "2018.07.23"]
[Round "3"]
[White "Briand, Amaury"]
[Black "Bonnaud, Remy"]
[Result "0-1"]
[WhiteElo "1639"]
[BlackElo "2234"]
[PlyCount "56"]
[EventDate "2018.07.21"]
[EventType "swiss"]
[EventRounds "9"]
[EventCountry "FRA"]
[SourceTitle "CBM 185 Extra"]
[Source "ChessBase"]
[SourceDate "2018.07.29"]
[SourceVersion "1"]
[SourceVersionDate "2018.07.29"]
[SourceQuality "1"]

1. e4 d5 2. exd5 Qxd5 3. Nf3 Nf6 4. d4 c6 5. c4 Qa5+ 6. Bd2 Qd8 7. Bd3 Bg4 8. Bc3 e6 9. Nbd2 Be7 10. 0-0 Nbd7 11. Qe2 0-0 12. Ne4 Bf5 13. Nxf6+ Nxf6 14. Bxf5 exf5 15. Qe5 Qd7 16. Nh4 g6 17. d5 cxd5 18. cxd5 Rfe8 19. Rad1 Bd8 20. Qd4 Re4 21. Qc5 Rxh4 22. Bb4 Bb6 23. Qc3 Ne4 24. Qa3 Rf4 25. Be1 Nd6 26. Qc3 Re8 27. Bd2 Rxf2 28. Kh1 Ne4 0-1

[Event "Avoine op 31st"]
[Site "Avoine"]
[Date "2016.07.30"]
[Round "8"]
[White "Bonnaud, Remy"]
[Black "Djuric, Stefan"]
[Result "0-1"]
[WhiteElo "2237"]
[BlackElo "2420"]
[PlyCount "104"]
[EventDate "2016.07.23"]
[EventType "swiss"]
[EventRounds "9"]
[EventCountry "FRA"]
[SourceTitle "CBM 173 Extra"]
[Source "ChessBase"]
[SourceDate "2016.08.29"]
[SourceVersion "1"]
[SourceVersionDate "2016.08.29"]
[SourceQuality "1"]

1. d4 d5 2. Nf3 c6 3. Bf4 Qb6 4. Qc1 Bf5 5. e3 Nf6 6. Nbd2 h6 7. h3 e6 8. Be2 Nbd7 9. 0-0 g5 10. Bg3 g4 11. hxg4 Bxg4 12. Bd3 Be7 13. Re1 Bxf3 14. Nxf3 h5 15. e4 h4 16. Bxh4 dxe4 17. Bxe4 0-0-0 18. Bd3 Rdg8 19. Bg3 Rg4 20. c3 Nh5 21. Bh2 Qd8 22. Re4 Ndf6 23. Rxg4 Nxg4 24. Bf4 Rg8 25. Bf1 Bd6 26. Bxd6 Qxd6 27. Qd2 Nhf6 28. Re1 Qd5 29. Ne5 Ne4 30. Qf4 Ngxf2 31. Qxf7 Rh8 32. Rxe4 Nxe4 33. Bc4 Qd6 34. Bxe6+ Kb8 35. Bh3 Ng5 36. Qf1 Qh6 37. Nd7+ Ka8 38. Ne5 Nxh3+ 39. gxh3 Rg8+ 40. Ng4 Qd2 41. Qg2 Qe1+ 42. Kh2 a6 43. a3 Rf8 44. Qg3 Qe4 45. Qg2 Rf3 46. Qd2 Rf1 47. Kg3 Rg1+ 48. Kh4 Qh7+ 49. Kg5 Rf1 50. Nf2 Qg7+ 51. Kh4 Qg2 52. Ne4 Qxe4+ 0-1

[Event "Paris BNP-Paribas blitz"]
[Site "Paris"]
[Date "2015.06.14"]
[Round "12"]
[White "Bonnaud, Remy"]
[Black "Daurelle, Herve"]
[Result "1-0"]
[WhiteElo "2220"]
[BlackElo "2139"]
[PlyCount "125"]
[EventDate "2015.06.12"]
[EventType "swiss (blitz)"]
[EventRounds "15"]
[EventCountry "FRA"]
[SourceTitle "CBM 167 Extra"]
[Source "ChessBase"]
[SourceDate "2015.09.14"]
[SourceVersion "1"]
[SourceVersionDate "2015.09.14"]
[SourceQuality "1"]

1. e4 c5 2. c3 Nf6 3. e5 Nd5 4. d4 cxd4 5. Bc4 Nb6 6. Bb3 Nc6 7. cxd4 d5 8. Nc3 g6 9. Nge2 Bg7 10. 0-0 0-0 11. Ng3 h5 12. h4 Bg4 13. f3 Be6 14. Nge2 Nc4 15. Nf4 Nxd4 16. Qxd4 Bxe5 17. Qd1 Qb6+ 18. Kh1 Bxc3 19. bxc3 Rad8 20. Qd4 Qc7 21. Nxe6 fxe6 22. Bxc4 dxc4 23. Qf2 Rd3 24. Re1 e5 25. Qxa7 e4 26. fxe4 Qg3 27. Bg5 Rd2 28. Qg1 Rdf2 29. Rf1 Qxc3 30. Rxf2 Rxf2 31. Qxf2 Qxa1+ 32. Kh2 Qe5+ 33. g3 Qe6 34. Qd4 Kf7 35. Bh6 Ke8 36. Bf4 Kf7 37. e5 Qc6 38. Qc3 Qe4 39. Be3 Qf3 40. Qd4 Qe2+ 41. Kg1 Qe1+ 42. Kg2 Qe2+ 43. Kg1 Qe1+ 44. Kh2 Qe2+ 45. Kh1 Qf1+ 46. Kh2 Qe2+ 47. Bf2 Qd3 48. Qxd3 cxd3 49. Be3 Ke6 50. Bf4 Kd5 51. Kg2 Kc4 52. Bd2 Kd4 53. Kf2 Kxe5 54. Ke3 Kf5 55. Kxd3 Kg4 56. Bf4 g5 57. hxg5 h4 58. gxh4 Kxf4 59. g6 e5 60. g7 e4+ 61. Ke2 Kg4 62. h5 Kxh5 63. Ke3 1-0

[Event "Paris BNP-Paribas blitz"]
[Site "Paris"]
[Date "2015.06.14"]
[Round "15"]
[White "Bonnaud, Remy"]
[Black "Guliyev, Namig"]
[Result "0-1"]
[WhiteElo "2220"]
[BlackElo "2549"]
[PlyCount "57"]
[EventDate "2015.06.12"]
[EventType "swiss (blitz)"]
[EventRounds "15"]
[EventCountry "FRA"]
[SourceTitle "CBM 167 Extra"]
[Source "ChessBase"]
[SourceDate "2015.09.14"]
[SourceVersion "1"]
[SourceVersionDate "2015.09.14"]
[SourceQuality "1"]

1. e4 c5 2. c3 d5 3. exd5 Qxd5 4. d4 Nf6 5. Nf3 Bg4 6. Qa4+ Nbd7 7. Bc4 Qe4+ 8. Be3 e6 9. Nbd2 Qc6 10. Bb5 Qc7 11. dxc5 Bxf3 12. Nxf3 Bxc5 13. 0-0-0 0-0-0 14. Bxd7+ Nxd7 15. Bxc5 Qxc5 16. Rhf1 a6 17. Qf4 f6 18. Qg4 Qe7 19. Rfe1 e5 20. Nd4 g6 21. Ne6 b5 22. Nxd8 Rxd8 23. Qe4 Kc7 24. Qd5 Rc8 25. f4 Nb6 26. Qe4 Nc4 27. fxe5 fxe5 28. Qd5 Re8 29. Rd3 0-1

[Event "Paris BNP-Paribas blitz"]
[Site "Paris"]
[Date "2015.06.14"]
[Round "13"]
[White "Karagyozian, Edgar"]
[Black "Bonnaud, Remy"]
[Result "0-1"]
[WhiteElo "2189"]
[BlackElo "2220"]
[PlyCount "116"]
[EventDate "2015.06.12"]
[EventType "swiss (blitz)"]
[EventRounds "15"]
[EventCountry "FRA"]
[SourceTitle "CBM 167 Extra"]
[Source "ChessBase"]
[SourceDate "2015.09.14"]
[SourceVersion "1"]
[SourceVersionDate "2015.09.14"]
[SourceQuality "1"]

1. d4 d5 2. Nf3 c6 3. Bf4 Nf6 4. e3 Bg4 5. Be2 e6 6. Nbd2 Bd6 7. Ne5 Bxe2 8. Qxe2 Qc7 9. c4 Nbd7 10. Nxd7 Nxd7 11. Bg3 0-0 12. Rc1 Nf6 13. a3 e5 14. cxd5 exd4 15. Nc4 Bxg3 16. hxg3 dxe3 17. Nxe3 Qa5+ 18. Qd2 Qxd2+ 19. Kxd2 Rad8 20. Kc2 Nxd5 21. Nf5 g6 22. Nh6+ Kg7 23. Ng4 Rfe8 24. Rce1 h5 25. Ne5 Nf6 26. f3 Rd5 27. Nd3 Red8 28. Rd1 Rg5 29. Rd2 Rxg3 30. Re1 Rd7 31. b4 Rg5 32. Ree2 Rgd5 33. Kc3 b6 34. a4 Kf8 35. Re3 Kg7 36. Rde2 R5d6 37. Kc2 Nd5 38. Re4 Nf6 39. R4e3 Nd5 40. Re4 Nf6 41. R4e3 Nd5 42. Re4 Nc7 43. Ne5 Re7 44. f4 Ne6 45. Kc3 c5 46. g3 Rc7 47. b5 Nd4 48. Re1 Ne6 49. Nc6 a6 50. Kc4 axb5+ 51. axb5 Nd8 52. Ne7 Rcd7 53. Nc8 Rd4+ 54. Kc3 Rd3+ 55. Kc4 Nb7 56. Nxb6 Na5+ 57. Kxc5 Nb3+ 58. Kc6 R3d6# 0-1

[Event "Paris BNP-Paribas blitz"]
[Site "Paris"]
[Date "2015.06.13"]
[Round "8"]
[White "Bonnaud, Remy"]
[Black "Sally, Paul Adrien"]
[Result "0-1"]
[WhiteElo "2220"]
[BlackElo "2051"]
[PlyCount "44"]
[EventDate "2015.06.12"]
[EventType "swiss (blitz)"]
[EventRounds "15"]
[EventCountry "FRA"]
[SourceTitle "CBM 167 Extra"]
[Source "ChessBase"]
[SourceDate "2015.09.14"]
[SourceVersion "1"]
[SourceVersionDate "2015.09.14"]
[SourceQuality "1"]

1. e4 e6 2. d4 d5 3. Nc3 Bb4 4. Qd3 dxe4 5. Qxe4 Nf6 6. Qh4 c5 7. dxc5 Bxc3+ 8. bxc3 0-0 9. Nf3 Qc7 10. Be3 Nbd7 11. Qc4 b6 12. cxb6 Qxc4 13. Bxc4 Nxb6 14. Be2 Bd7 15. Ne5 Nfd5 16. Bd4 Ba4 17. Bd3 f6 18. Nf3 Rac8 19. 0-0 Nxc3 20. Rfe1 e5 21. Bxb6 axb6 22. Nd2 Rfd8 0-1

[Event "Paris BNP-Paribas blitz"]
[Site "Paris"]
[Date "2015.06.13"]
[Round "6"]
[White "Bonnaud, Remy"]
[Black "Sauviat, Thomas"]
[Result "0-1"]
[WhiteElo "2220"]
[BlackElo "1938"]
[PlyCount "64"]
[EventDate "2015.06.12"]
[EventType "swiss (blitz)"]
[EventRounds "15"]
[EventCountry "FRA"]
[SourceTitle "CBM 167 Extra"]
[Source "ChessBase"]
[SourceDate "2015.09.14"]
[SourceVersion "1"]
[SourceVersionDate "2015.09.14"]
[SourceQuality "1"]

1. e4 c5 2. c3 g6 3. h4 h5 4. Nf3 Bg7 5. Bc4 Nc6 6. d4 cxd4 7. cxd4 d6 8. Nc3 Nf6 9. d5 Nb8 10. Be3 Bg4 11. Be2 Nbd7 12. Nd4 Bxe2 13. Qxe2 Nc5 14. f3 a6 15. b4 Ncd7 16. Rc1 Rc8 17. 0-0 0-0 18. Nb3 Ne8 19. Nb1 Nc7 20. a4 e6 21. dxe6 Nxe6 22. Qf2 Ne5 23. Rxc8 Qxc8 24. Rc1 Qd7 25. Qd2 Qxa4 26. Nd4 Nxd4 27. Bxd4 Qd7 28. Nc3 Rc8 29. Bxe5 Bxe5 30. Nd5 Rc6 31. Rxc6 bxc6 32. Ne3 Qa7 0-1

[Event "Le Port Marly Leonard op"]
[Site "Le Port Marly"]
[Date "2014.09.13"]
[Round "?"]
[White "Bonnaud, Remy"]
[Black "Fedorchuk, Sergey A"]
[Result "0-1"]
[WhiteElo "2203"]
[BlackElo "2648"]
[PlyCount "102"]
[EventDate "2014.09.13"]
[EventType "swiss"]
[EventRounds "9"]
[EventCountry "FRA"]
[SourceTitle "CBM 162 Extra"]
[Source "ChessBase"]
[SourceDate "2014.10.17"]
[SourceVersion "1"]
[SourceVersionDate "2014.10.17"]
[SourceQuality "1"]

1. e4 c5 2. c3 d5 3. exd5 Qxd5 4. d4 e6 5. Nf3 Nf6 6. Bd3 Nc6 7. 0-0 cxd4 8. cxd4 Be7 9. Nc3 Qd6 10. Re1 0-0 11. a3 b6 12. Bc2 Bb7 13. Qd3 Rfd8 14. Be3 Rac8 15. Rad1 g6 16. Bb1 Qb8 17. Ba2 Ng4 18. h3 Nxe3 19. Qxe3 Bf6 20. d5 exd5 21. Nxd5 Bxb2 22. Ne7+ Nxe7 23. Qxe7 Rxd1 24. Rxd1 Qc7 25. Rd7 Qc1+ 26. Ne1 Kh8 27. Rxb7 Bc3 28. Qxf7 Qxe1+ 29. Kh2 Qe5+ 30. f4 Qg7 31. Rxa7 Qxf7 32. Rxf7 Ra8 33. Rd7 Rxa3 34. Bd5 Bd2 35. Rf7 Rd3 36. Be4 Rd4 37. Bf3 Bxf4+ 38. Kg1 Bg3 39. Kf1 Rd2 40. Rb7 Rf2+ 41. Kg1 Rb2 42. Kf1 b5 43. Bc6 b4 44. Bd5 Rf2+ 45. Kg1 Rd2 46. Bf3 Rb2 47. Kf1 b3 48. Rb5 Rf2+ 49. Kg1 b2 50. Rb3 Rc2 51. Be4 Rc1# 0-1

[Event "Avoine op 28th"]
[Site "Avoine"]
[Date "2013.07.20"]
[Round "1"]
[White "Bonnaud, Remy"]
[Black "Jaouen, Valentin"]
[Result "1/2-1/2"]
[WhiteElo "2197"]
[BlackElo "2009"]
[PlyCount "80"]
[EventDate "2013.07.20"]
[EventType "swiss"]
[EventRounds "9"]
[EventCountry "FRA"]
[SourceTitle "CBM 155 Extra"]
[Source "ChessBase"]
[SourceDate "2013.08.26"]
[SourceVersion "1"]
[SourceVersionDate "2013.08.26"]
[SourceQuality "1"]

1. e4 e6 2. d4 d5 3. Nc3 Bb4 4. Qd3 Ne7 5. Bd2 0-0 6. a3 Bxc3 7. Bxc3 b6 8. Ne2 Ba6 9. Qe3 Nd7 10. 0-0-0 dxe4 11. Qxe4 Nf6 12. Qf3 Qd5 13. Qxd5 Nexd5 14. Be1 Rac8 15. b3 c5 16. c4 cxd4 17. Kb2 Ne7 18. Nxd4 Rfd8 19. Be2 Bb7 20. f3 Ng6 21. g3 Ng4 22. h3 Ne3 23. Rd2 Ng2 24. Nc2 Nxe1 25. Rxd8+ Rxd8 26. Rxe1 Ne5 27. f4 Nd3+ 28. Bxd3 Rxd3 29. Re3 Rd7 30. f5 Rd6 31. Kc3 Bc8 32. Nd4 Bd7 33. fxe6 fxe6 34. h4 Kf7 35. Nf3 Kf6 36. Ng5 Kg6 37. Ne4 Rd1 38. Ng5 Rd6 39. Ne4 Rd1 40. Ng5 Rd6 1/2-1/2

[Event "Le Port Marly Paribas blitz op"]
[Site "Le Port Marly"]
[Date "2013.06.15"]
[Round "9"]
[White "Bonnaud, Remy"]
[Black "Devallee, Jeremie"]
[Result "0-1"]
[WhiteElo "2230"]
[BlackElo "2190"]
[PlyCount "68"]
[EventDate "2013.06.15"]
[EventType "swiss (blitz)"]
[EventRounds "15"]
[EventCountry "FRA"]
[SourceTitle "EXT 2014"]
[Source "ChessBase"]
[SourceDate "2013.11.20"]
[SourceVersion "1"]
[SourceVersionDate "2013.11.20"]
[SourceQuality "1"]

1. e4 c5 2. c3 Nf6 3. e5 Nd5 4. d4 cxd4 5. Bc4 Nb6 6. Bb3 d6 7. exd6 e6 8. cxd4 Bxd6 9. Nf3 0-0 10. Nc3 Nc6 11. 0-0 Bd7 12. Re1 Rc8 13. Bg5 Be7 14. Bf4 Nb4 15. Ne5 N4d5 16. Bd2 Be8 17. Rc1 f6 18. Nf3 Bf7 19. Qe2 Re8 20. Ne4 Bf8 21. Nc5 Bxc5 22. dxc5 Nd7 23. Qb5 Qc7 24. Bxd5 exd5 25. b4 Ne5 26. Nd4 Ng4 27. g3 Re4 28. Rxe4 dxe4 29. Bf4 Ne5 30. a4 Rd8 31. Nc2 Nf3+ 32. Kg2 Qc8 33. a5 Be6 34. Ne3 Bh3+ 0-1

[Event "Le Port Marly Paribas blitz op"]
[Site "Le Port Marly"]
[Date "2013.06.15"]
[Round "4"]
[White "Dumas, Charles"]
[Black "Bonnaud, Remy"]
[Result "0-1"]
[WhiteElo "2260"]
[BlackElo "2230"]
[PlyCount "76"]
[EventDate "2013.06.15"]
[EventType "swiss (blitz)"]
[EventRounds "15"]
[EventCountry "FRA"]
[SourceTitle "EXT 2014"]
[Source "ChessBase"]
[SourceDate "2013.11.20"]
[SourceVersion "1"]
[SourceVersionDate "2013.11.20"]
[SourceQuality "1"]

1. e4 d5 2. exd5 Qxd5 3. Nc3 Qa5 4. Bc4 Nf6 5. h3 c6 6. d3 g6 7. Bd2 Bg7 8. Qe2 0-0 9. Nf3 Qc7 10. 0-0 a5 11. a4 Na6 12. Rfe1 e6 13. Rad1 Nb4 14. Bb3 b6 15. Na2 Nxa2 16. Bxa2 Bb7 17. c3 c5 18. d4 Qc6 19. Bg5 Qxa4 20. Bb1 Qc6 21. Bxf6 Bxf6 22. Be4 Qxe4 23. Qxe4 Bxe4 24. Rxe4 Rfd8 25. Ree1 cxd4 26. Nxd4 Bxd4 27. Rxd4 Rxd4 28. cxd4 Rd8 29. Rd1 Rd5 30. f4 Kg7 31. Kf2 Rb5 32. Rd2 Kf6 33. Ke3 Ke7 34. g4 Kd6 35. Ke4 f5+ 36. Ke3 Rb3+ 37. Kf2 Rxh3 38. Kg2 fxg4 0-1

[Event "Avoine op 25th"]
[Site "Avoine"]
[Date "2010.07.24"]
[Round "8"]
[White "Guinovart, Jose"]
[Black "Bonnaud, Remy"]
[Result "1-0"]
[WhiteElo "1902"]
[BlackElo "2189"]
[PlyCount "113"]
[EventDate "2010.07.17"]
[EventType "swiss"]
[EventRounds "9"]
[EventCountry "FRA"]
[SourceTitle "EXT 2011"]
[Source "ChessBase"]
[SourceDate "2010.11.26"]
[SourceVersion "1"]
[SourceVersionDate "2010.11.26"]
[SourceQuality "1"]

1. d4 d5 2. c4 c6 3. Nc3 Nf6 4. Nf3 dxc4 5. a4 Bf5 6. e3 e6 7. Bxc4 Bb4 8. Bd2 0-0 9. 0-0 Nbd7 10. h3 Qe7 11. Re1 Nb6 12. Bf1 a5 13. Nh4 Ne4 14. Nxf5 exf5 15. Bd3 Rfe8 16. Qc2 Qh4 17. Bxe4 fxe4 18. Rf1 Bxc3 19. Bxc3 Nd5 20. Be1 Re6 21. Rb1 Rg6 22. Kh2 Qg5 23. Qxe4 f5 24. Qf3 b5 25. Rc1 Re8 26. Rc2 Re4 27. Bd2 Qf6 28. Rfc1 Qd6+ 29. g3 Qd7 30. Qg2 Ree6 31. Re1 Qe8 32. Qf3 Rgf6 33. Rb1 g5 34. Rg1 Kh8 35. Qd1 Qe7 36. e4 fxe4 37. Bxg5 Rxf2+ 38. Rxf2 Qxg5 39. Rgf1 Ne3 40. Rf8+ Kg7 41. R1f7+ Kh6 42. Qe2 Nd5 43. Rf5 Qg6 44. g4 Kg7 45. Qf2 Nf6 46. Rb8 e3 47. Qe2 h5 48. Re5 Rxe5 49. dxe5 Nd5 50. Rb7+ Kf8 51. gxh5 Qe4 52. h6 Qxe5+ 53. Kg1 Nf4 54. Qg4 e2 55. Qc8+ Qe8 56. Qxe8+ Kxe8 57. Kf2 1-0

[Event "Avoine op 25th"]
[Site "Avoine"]
[Date "2010.07.23"]
[Round "7"]
[White "Bonnaud, Remy"]
[Black "Devallee, Jeremie"]
[Result "0-1"]
[WhiteElo "2183"]
[BlackElo "1990"]
[PlyCount "86"]
[EventDate "2010.07.17"]
[EventType "swiss"]
[EventRounds "9"]
[EventCountry "FRA"]
[SourceTitle "EXT 2011"]
[Source "ChessBase"]
[SourceDate "2010.11.26"]
[SourceVersion "1"]
[SourceVersionDate "2010.11.26"]
[SourceQuality "1"]

1. e4 e6 2. d4 d5 3. Nc3 Bb4 4. exd5 exd5 5. Bd3 Qf6 6. Nge2 c6 7. Bf4 Nd7 8. 0-0 Ne7 9. a3 Bd6 10. Bxd6 Qxd6 11. Ng3 Nf6 12. Re1 g6 13. Qd2 h6 14. Re2 Bg4 15. f3 Be6 16. Rae1 0-0-0 17. Na4 b6 18. b4 h5 19. Ba6+ Kb8 20. Qg5 h4 21. Nf1 Nd7 22. Nc5 bxc5 23. bxc5 Nxc5 24. dxc5 Qxc5+ 25. Kh1 Ka8 26. Ne3 Rb8 27. Bd3 Rh5 28. Qf6 d4 29. Nf1 Nd5 30. Qg7 Nf4 31. Rd2 h3 32. gxh3 Nxd3 33. Rxd3 Qxc2 34. Rxd4 Qc3 35. Re3 Qa1 36. Kg2 c5 37. Rxe6 Rg5+ 38. Kf2 fxe6 39. Rd7 Rb7 40. Ke3 Rb3+ 41. Kf4 Qc1+ 42. Nd2 Rf5+ 43. Ke4 Qc2+ 0-1

[Event "Avoine op 25th"]
[Site "Avoine"]
[Date "2010.07.20"]
[Round "4"]
[White "Duboue, Peio"]
[Black "Bonnaud, Remy"]
[Result "1/2-1/2"]
[WhiteElo "2018"]
[BlackElo "2183"]
[PlyCount "62"]
[EventDate "2010.07.17"]
[EventType "swiss"]
[EventRounds "9"]
[EventCountry "FRA"]
[SourceTitle "EXT 2011"]
[Source "ChessBase"]
[SourceDate "2010.11.26"]
[SourceVersion "1"]
[SourceVersionDate "2010.11.26"]
[SourceQuality "1"]

1. e4 e5 2. Nf3 Nc6 3. Bc4 Bc5 4. c3 Nf6 5. d3 d6 6. 0-0 a6 7. d4 Bb6 8. dxe5 Nxe5 9. Nxe5 dxe5 10. Qxd8+ Kxd8 11. Re1 Ke7 12. h3 Nd7 13. Be3 Bxe3 14. Rxe3 Nb6 15. Bb3 Rd8 16. Kf1 Be6 17. Na3 Rd2 18. Re2 Rd7 19. Ke1 Bxb3 20. axb3 Rad8 21. Nc2 g6 22. Ne3 c6 23. Rd1 Rxd1+ 24. Nxd1 Nd7 25. b4 c5 26. Ne3 cxb4 27. Nd5+ Ke6 28. Nxb4 Nc5 29. f3 f5 30. exf5+ gxf5 31. Rd2 Rxd2 1/2-1/2

[Event "Schwarzach op-A"]
[Site "Schwarzach"]
[Date "2009.08.18"]
[Round "4"]
[White "Bonnaud, Remy"]
[Black "Lipp, Alfred"]
[Result "1/2-1/2"]
[WhiteElo "2204"]
[BlackElo "2091"]
[PlyCount "86"]
[EventDate "2009.08.15"]
[EventType "swiss"]
[EventRounds "9"]
[EventCountry "AUT"]
[SourceTitle "CBM 132 Extra"]
[Source "ChessBase"]
[SourceDate "2009.11.03"]
[SourceVersion "1"]
[SourceVersionDate "2009.11.03"]
[SourceQuality "1"]

1. e4 c5 2. c3 Nf6 3. e5 Nd5 4. d4 cxd4 5. Bc4 Nb6 6. Bb3 e6 7. cxd4 d6 8. exd6 Qxd6 9. Nf3 Nc6 10. Nc3 Be7 11. 0-0 0-0 12. a3 Rd8 13. Be3 Bd7 14. Qe2 Be8 15. Rfd1 Nd5 16. Ne4 Qc7 17. Rac1 Qb6 18. Bxd5 exd5 19. Nc5 Rac8 20. b4 a5 21. bxa5 Nxa5 22. Rb1 Qa7 23. Bd2 Bxc5 24. dxc5 Ba4 25. Re1 Nb3 26. Bb4 Nxc5 27. Qe3 b6 28. Nd4 Qd7 29. Qg3 Re8 30. Rxe8+ Rxe8 31. h4 h6 32. Rc1 Ne4 33. Qf4 Rc8 34. Rxc8+ Qxc8 35. Nf5 Qe6 36. Qb8+ Kh7 37. Ne7 f5 38. h5 Nf6 39. Ng6 Qg8 40. Nf8+ Kh8 41. Ng6+ Kh7 42. Nf8+ Kh8 43. Ng6+ Kh7 1/2-1/2

[Event "Schwarzach op-A"]
[Site "Schwarzach"]
[Date "2009.08.16"]
[Round "2"]
[White "Bonnaud, Remy"]
[Black "Labeckas, Kestutis"]
[Result "0-1"]
[WhiteElo "2204"]
[BlackElo "2400"]
[PlyCount "48"]
[EventDate "2009.08.15"]
[EventType "swiss"]
[EventRounds "9"]
[EventCountry "AUT"]
[SourceTitle "CBM 132 Extra"]
[Source "ChessBase"]
[SourceDate "2009.11.03"]
[SourceVersion "1"]
[SourceVersionDate "2009.11.03"]
[SourceQuality "1"]

1. e4 c6 2. d4 d5 3. exd5 cxd5 4. c4 Nf6 5. Nc3 e6 6. Nf3 Be7 7. cxd5 exd5 8. Ne5 0-0 9. Bd3 Nc6 10. Nxc6 bxc6 11. Bf4 Bg4 12. Qd2 Bh5 13. 0-0 Bg6 14. Rfe1 Nh5 15. Bg3 Bg5 16. Qc2 Nxg3 17. hxg3 Bf6 18. Bxg6 hxg6 19. Rad1 Qa5 20. Na4 Rab8 21. b3 Bxd4 22. Qxc6 Rbc8 23. Qb7 Rc7 24. Qxc7 Bxf2+ 0-1

[Event "Avoine op 23rd"]
[Site "Avoine"]
[Date "2008.07.25"]
[Round "7"]
[White "Bonnaud, Remy"]
[Black "Baekelant, Eva"]
[Result "1/2-1/2"]
[WhiteElo "2214"]
[BlackElo "1932"]
[PlyCount "57"]
[EventDate "2008.07.19"]
[EventType "swiss"]
[EventRounds "9"]
[EventCountry "FRA"]
[SourceTitle "CBM 125 Extra"]
[Source "ChessBase"]
[SourceDate "2008.09.01"]
[SourceVersion "1"]
[SourceVersionDate "2008.09.01"]
[SourceQuality "1"]

1. e4 d6 2. d4 Nf6 3. Bc4 Nxe4 4. Bxf7+ Kxf7 5. Qh5+ g6 6. Qd5+ e6 7. Qxe4 Bg7 8. Nf3 Re8 9. Bg5 Qd7 10. Nc3 Nc6 11. 0-0-0 Kg8 12. Rhe1 Qf7 13. Qh4 Bd7 14. Ne4 Ne7 15. Kb1 Nf5 16. Qh3 e5 17. dxe5 Ne3 18. Qg3 Nxd1 19. Rxd1 dxe5 20. Qh4 Bc6 21. Nf6+ Bxf6 22. Bxf6 Bxf3 23. gxf3 Re6 24. Bg5 Rd6 25. Re1 Qxf3 26. Rxe5 Rd1+ 27. Bc1 Qh1 28. Qc4+ Kh8 29. Qf4 1/2-1/2

[Event "Avoine op 23rd"]
[Site "Avoine"]
[Date "2008.07.21"]
[Round "3"]
[White "Bonnaud, Remy"]
[Black "Perusseau, Clement"]
[Result "1-0"]
[WhiteElo "2214"]
[BlackElo "1870"]
[PlyCount "49"]
[EventDate "2008.07.19"]
[EventType "swiss"]
[EventRounds "9"]
[EventCountry "FRA"]
[SourceTitle "CBM 125 Extra"]
[Source "ChessBase"]
[SourceDate "2008.09.01"]
[SourceVersion "1"]
[SourceVersionDate "2008.09.01"]
[SourceQuality "1"]

1. e4 e6 2. d4 d5 3. Nc3 dxe4 4. Nxe4 Nd7 5. Nf3 Ngf6 6. Bg5 Be7 7. Bxf6 Nxf6 8. Bd3 0-0 9. 0-0 Nxe4 10. Bxe4 c6 11. c3 Qc7 12. Re1 Rd8 13. Ne5 Bd6 14. Qh5 g6 15. Qh6 Bf8 16. Qf4 Bd6 17. Re3 Rf8 18. Qh6 f5 19. Bc2 c5 20. Bb3 cxd4 21. cxd4 Bxe5 22. Rxe5 Qd6 23. Qe3 Kf7 24. Re1 Rd8 25. d5 1-0

[Event "Avoine op 22nd"]
[Site "Avoine"]
[Date "2007.07.28"]
[Round "8"]
[White "Sanduleac, Vasile"]
[Black "Bonnaud, Remy"]
[Result "1-0"]
[WhiteElo "2431"]
[BlackElo "2218"]
[PlyCount "71"]
[EventDate "2007.07.21"]
[EventType "swiss"]
[EventRounds "9"]
[EventCountry "FRA"]
[SourceTitle "EXT 2010"]
[Source "ChessBase"]
[SourceDate "2010.11.25"]
[SourceVersion "1"]
[SourceVersionDate "2010.11.25"]
[SourceQuality "1"]

1. e4 d5 2. exd5 Qxd5 3. Nc3 Qa5 4. Nf3 Nf6 5. d4 c6 6. Bc4 Bf5 7. Bd2 e6 8. Qe2 Bb4 9. a3 Nbd7 10. 0-0 Bxc3 11. Bxc3 Qc7 12. Ne5 0-0 13. Bb3 Ne4 14. g4 Nxc3 15. bxc3 Bg6 16. f4 Nxe5 17. dxe5 Rae8 18. Rae1 Qe7 19. f5 exf5 20. gxf5 Qg5+ 21. Qg2 Qxg2+ 22. Kxg2 Bh5 23. Kg3 g6 24. f6 a5 25. Rf4 g5 26. Rd4 Rd8 27. h4 gxh4+ 28. Kxh4 Bg6 29. Kg5 b5 30. e6 fxe6 31. Bxe6+ Kh8 32. Bf5 Rxd4 33. cxd4 b4 34. Bxg6 hxg6 35. Kxg6 Kg8 36. Re7 1-0

[Event "Avoine op 21th"]
[Site "Avoine"]
[Date "2006.07.28"]
[Round "7"]
[White "Bonnaud, Remy"]
[Black "Croizier, Valery"]
[Result "1-0"]
[WhiteElo "2226"]
[BlackElo "2221"]
[PlyCount "105"]
[EventDate "2006.07.22"]
[EventType "swiss"]
[EventRounds "9"]
[EventCountry "FRA"]
[SourceTitle "EXT 2007"]
[Source "ChessBase"]
[SourceDate "2006.11.23"]
[SourceVersion "1"]
[SourceVersionDate "2006.11.23"]
[SourceQuality "1"]

1. e4 c5 2. c3 Nf6 3. e5 Nd5 4. d4 cxd4 5. Bc4 Nb6 6. Bb3 e6 7. cxd4 d6 8. Nf3 Nc6 9. Qe2 Be7 10. 0-0 0-0 11. Nc3 Bd7 12. Qe4 d5 13. Qg4 f5 14. Qg3 Na5 15. Bh6 Rf7 16. Rfe1 Nxb3 17. axb3 a5 18. Ne2 Kh8 19. Ng5 Bxg5 20. Bxg5 Qe8 21. h4 a4 22. h5 h6 23. Bd2 axb3 24. Qxb3 Nc4 25. Rxa8 Qxa8 26. Bb4 f4 27. Qf3 Nxb2 28. Nxf4 Rxf4 29. Qxf4 Nd3 30. Qf3 Be8 31. Qf8+ Kh7 32. Rd1 Nxb4 33. Qxb4 Bxh5 34. Rc1 Qd8 35. Qd2 Bg6 36. Ra1 b5 37. Ra3 Qb6 38. Qb4 Qb8 39. Rb3 Be8 40. Qe7 Qc8 41. Qc5 Qd8 42. Rg3 Bd7 43. Qd6 Qe8 44. Rc3 Qf7 45. Rc7 Qh5 46. Qa3 Be8 47. Qe3 Bg6 48. Qf4 Bf5 49. f3 Qg6 50. Rb7 Bd3 51. Re7 h5 52. Kf2 Bc4 53. Qf6 1-0